Infracciones en materia de derechos de autor y patrimonio cultural /
Contiene: 1) Estudio de las infracciones en materia de derechos de autor; 2) Infracciones administrativas en materia de patrimonio cultural de los pueblos y comunidades indígenas y afromexicanas.
Guardat en:
| Autor principal: | |
|---|---|
| Format: | Llibre |
| Idioma: | espanyol |
| Publicat: |
México :
Tirant Lo Blanch,
2024, c2024
|
| Col·lecció: | (Abogacía Práctica) [s.n.]
|
| Matèries: | |
| Etiquetes: |
Sense etiquetes, Sigues el primer a etiquetar aquest registre!
|
MARC
| LEADER | 00000nam^a2200000^a^4500 | ||
|---|---|---|---|
| 001 | 000595603 | ||
| 005 | 20250521000000.0 | ||
| 009 | 20260526153719.653 | ||
| 020 | |a 978-84-1056-318-6 | ||
| 037 | |a Acervo ITESO - Biblioteca | ||
| 041 | |a ESP | ||
| 082 | |a 346. 720482 |b PAR | ||
| 100 | |a Parets Gómez, Jesús |e (autor) | ||
| 245 | 1 | 0 | |a Infracciones en materia de derechos de autor y patrimonio cultural / |c J. Parets Gómez. |
| 264 | 4 | |a México : |b Tirant Lo Blanch, |c 2024, c2024 | |
| 300 | |a 117 p. | ||
| 336 | |a texto |b txt |2 rdacontenido | ||
| 337 | |a sin mediación |b n |2 rdamedio | ||
| 338 | |a volumen |b nc |2 rdasoporte | ||
| 440 | 1 | |a (Abogacía Práctica) [s.n.] | |
| 520 | |a Contiene: 1) Estudio de las infracciones en materia de derechos de autor; 2) Infracciones administrativas en materia de patrimonio cultural de los pueblos y comunidades indígenas y afromexicanas. | ||
| 649 | |a XX | ||
| 650 | |a Derecho de Autor - |z México - |x Tema Principal | ||
| 650 | |a Delitos contra la Propiedad Intelectual - |z México - |x Tema Principal | ||
| 650 | |a Delitos contra la Propiedad - |z México - |x Tema Principal | ||
| 650 | |a Propiedad Intelectual - |z México | ||
| 650 | |a Derecho Patrimonial - |z México - |x Tema Patrimonial | ||
| 650 | |a Derecho Civil - |z México | ||
| 650 | |a Derecho Privado - |z México | ||
| 910 | |a Fondo General | ||
| 920 | |a Impresos - Libros | ||
| 930 | |a Colección General | ||
| 905 | |a 101 | ||
| 901 | |a 595603-10 |b IT1 |c ACC |i D131739 |u 20250521 | ||
| 902 | |a https://opac.biblio.iteso.mx/vufind/Record/000595603 | ||